Представление документа в формате RUSMARC

ПолеНазваниеЗначение
  Тип записи a
  Библиографический уровень a
001 Контрольный номер ac4dcf77989042c3ab01fbe40cd14c04
005 Дата корректировки 20240124155002.4
100 Данные общей обработки __
a Данные общей обработки 20240117 ||| 0rusy0189 ca
101 Язык документа 0_
a Язык текста rus
102 Страна публикации __
a Страна публикации RU
200 Заглавие и сведения об ответственности 1_
a Заглавие На лезвии конька
e Сведения, относящиеся к заглавию [о самых необычных катках мира]
f Первые сведения об ответственности Д. Авдеев
461 Уровень набора _0
1 2000
a Думай
463 Уровень физической единицы _0
1 2000
a № 11 (51)
v С. 26-31 : фот.
1 2101
d 2023
1 00198786b02a5754cdeacc3890ef8a87b15
606 Тематические рубрики 0_
a Основная рубрика Фигурное катание - Спортивные сооружения
y Географическая подрубрика Голландия
y Географическая подрубрика Канада
y Географическая подрубрика Казахстан
y Географическая подрубрика Германия
y Географическая подрубрика Великобритания
y Географическая подрубрика Австралия
y Географическая подрубрика Китай
y Географическая подрубрика Франция
y Географическая подрубрика Россия
y Географическая подрубрика Москва, город
610 Ключевые слова 0_
a Ключевые слова спортивные сооружения, спортивные катки, ледовые катки, ледовые площадки, синтетический лёд, льды, фигурное катание, катание на коньках, зимний спорт, зимние виды спорта, зимние развлечения, дети, ледяные сооружения, хладагенты, естественные катки, искусственные катки, массовые катания, массовые катки, высокогорные катки, география, холодильные установки, фигуристы, спортсмены
686 Индексы других классификаций __
a Классификационный индекс 75.719.68,4
700 Автор _1
a Фамилия Авдеев
b Имя (инициалы) Д.
g Полное личное имя Дмитрий
801 Источник записи _0
a Страна RU
b Организация УОБДЮ
c Дата составления 20240117
g Правила каталогизации RCR
801 Источник записи _1
a Страна RU
b Организация УОБДЮ
c Дата составления 20240117
g Правила каталогизации RCR
901 Тип документа __
t Тип документа b
w Контрольный № источника 98786b02a5754cdeacc3890ef8a87b15
905 Данные по созданию БЗ __
b Логин пользователя, который создал БЗ ibo1